banner-ar

اسس تصميم الازياء والموضة / (Record no. 62448)

MARC details
000 -الفاتح
حقل البيانات ثابتة الطول 00744nam a2200217 4500
005 - وقت وتاريخ اخر تعامل مع التسجيلة
رقم الضبط 20240530110550.0
008 - عناصر البيانات ثابتة الطول - معلومات عامة
حقل البيانات ثابتة الطول 160702s2014 ua a f |||| 00| 0 ara d
017 ## - رقم الايداع القانونى
رقم الايداع القانونى 2013/19839
المصدر ( الهيئة المختصة) مصر. دار الكتب المصرية
020 ## - الرقم الدولى المعيارى للكتب
الرقم الدولى المعيارى للكتاب 9772329373
040 ## - مصدر الفهرسة
وكالة الفهرسة الأصلية EG-CaGPL
082 04 - رقم تصنيف ديوى العشرى
رقم التصنيف 646.4/
رقم المادة ى ا
رقم الطبعة 21
100 0# - المدخل الرئيسى - إسم شخصى
الإسم الشخصى يسرى معوض عيسى احمد
245 10 - بيان العنوان
العنوان اسس تصميم الازياء والموضة /
بيان المسئوليه,etc اعداد يسرى معوض عيسى احمد.
250 ## - بيان الطبعة
بيان الطبعة ط . 1.
260 ## - PUBLICATION, DISTRIBUTION, ETC. (IMPRINT)
تاريخ النشر أو التوزيع 2014.
300 ## - الوصف المادى
التعداد 304 ص. :
تفاصيل ماديه اخرى للوعاء ايض. ؛
أبعاد الوعاء 28 سم.
650 04 - المدخل الاضافى بالموضوع-مصطلح موضوعى
مصطلح موضوعي تصميم الازياء
650 04 - المدخل الاضافى بالموضوع-مصطلح موضوعى
مصطلح موضوعي الموضة
942 ## - عناصر المدخل الإضافي( كوها)
مصدر التصنيف او مخطط الترفيف Dewey Decimal Classification
Koha [default] item type كتاب
260 ## - PUBLICATION, DISTRIBUTION, ETC. (IMPRINT)
-- القاهرة :
-- عالم الكتب،
Holdings
حالة التراجع حالة الفقد حالة تلف ليس للاعارة المكان المؤقت الموقع الحالى تاريخ الاكتساب اجمالي اﻻعارات رقم الطلب الباركود تاريخ اخر مشاهدة تاريخ تفعيل السعر نوع وعاء كوها
        مكتبة القاهرة الكبرى مكتبة القاهرة الكبرى 07/02/2016   646.4/ ى ا 162183 07/02/2016 07/02/2016 كتاب

Powered By

EGPV